000
00284nam a22001097a 4500
082
_a
621.381 ARP'E
100
_a
EME DIRECTORATE GHQ
_9
75269
245
_a
ARMY MAINTENANCE BOOK ELECTRONIC EQUIPMENTS
260
_a
GHQ RAWALPINDI
_b
EME DIRECTORATE
_c
1982
300
_a
307P
942
_c
BK
999
_c
580719
_d
580719